|
|
|
|
| LEADER |
00000nam0a2200000 4500 |
| 001 |
261203 |
| 005 |
20231101233538.0 |
| 035 |
|
|
|a (RuTPU)RU\TPU\book\284179
|
| 090 |
|
|
|a 261203
|
| 100 |
|
|
|a 20140521d1964 km y0rusy50 ca
|
| 101 |
0 |
|
|a rus
|
| 102 |
|
|
|a RU
|
| 105 |
|
|
|a a z 001zy
|
| 200 |
1 |
|
|a Нейтронная дозиметрия
|f М. Ф. Юдин, В. И. Фоминых
|
| 210 |
|
|
|a Москва
|c Изд-во стандартов
|d 1964
|
| 215 |
|
|
|a 216 с.
|c ил.
|
| 320 |
|
|
|a Библиогр.: с. 198-203.
|
| 606 |
1 |
|
|a Нейтроны
|x Дозиметрия
|2 stltpush
|3 (RuTPU)RU\TPU\subj\45286
|9 64538
|
| 610 |
1 |
|
|a источники
|
| 610 |
1 |
|
|a характеристики
|
| 610 |
1 |
|
|a вещество
|
| 610 |
1 |
|
|a взаимодействие
|
| 610 |
1 |
|
|a биологические ткани
|
| 610 |
1 |
|
|a нейтронные потоки
|
| 610 |
1 |
|
|a нейтронные излучения
|
| 610 |
1 |
|
|a измерение
|
| 610 |
1 |
|
|a аппаратура
|
| 675 |
|
|
|a 539.125.5.074
|v 3
|
| 700 |
|
1 |
|a Юдин
|b М. Ф.
|g Михаил Федорович
|
| 701 |
|
1 |
|a Фоминых
|b В. И.
|g Владимир Игнатьевич
|
| 801 |
|
1 |
|a RU
|b 63413507
|c 20140521
|
| 801 |
|
2 |
|a RU
|b 63413507
|c 20150205
|g RCR
|
| 942 |
|
|
|c BK
|